01198cam a2200301 a 45000010005000000030006000050050017000110080041000280100017000690200030000860200018001160400023001340500017001570820011001741000031001852450061002162500041002772600035003183000023003534900020003765050007003965200386004035210018007895210018008076500020008256500025008456500026008706021FISKH20250221111316.0090327s2010 nyub c 000 1 eng  a 2009012125 a9780525421443 (hardcover) a9780545315173 aDLCcDLCdDLCbeng aPZ7.C12878 D a813.541 aCalkhoven, Lauried(1959-)10aDaniel at the Siege of Boston, 1776 /cLaurie Calkhoven. aThis edition first published in 2010 aNew York :bScholastic,c2010. a195 pages :c20 cm0 aBoys of wartime aR  aIn 1776 Boston, twelve-year-old Daniel Prescott enjoys assuming his father's role in taking care of his mother and sister, as well as his work as a spy and messenger for the American revolutionaries, but the pleasure ends when he witnesses the horrors of war firsthand, and learns that a trusted patriot is actually a British spy. Includes historical notes, timeline, and glossary.8 a710 bLexile 8 aR bRaz-Plus  1aSpiesvFiction. 1aPatriotismvFiction. 1aFamily lifevFiction.